Consuming Places (Record no. 478)
[ view plain ]
| 000 -LEADER | |
|---|---|
| fixed length control field | 01339cam a22002054a 4500 |
| 005 - ΗΜΕΡΟΜΗΝΙΑ ΚΑΙ ΩΡΑ ΤΕΛΕΥΤΑΙΑΣ ΕΝΗΜΕΡΩΣΗΣ | |
| Πεδίο ελέγχου | 20250605163936.0 |
| 008 - FIXED-LENGTH DATA ELEMENTS--GENERAL INFORMATION | |
| Πεδίο ελέγχου σταθερού μήκους | 250528s ||||||||||||||||||||||||d |
| 035 ## - SYSTEM CONTROL NUMBER | |
| System control number | 14867 |
| 020 ## - ISBN | |
| ISBN | 415113113 |
| 040 ## - ΠΗΓΗ ΚΑΤΑΛΟΓΟΓΡΑΦΗΣΗΣ | |
| Φορέας πρωτότυπης καταλογογράφησης | MC Athens Campus Library |
| Γλώσσα καταλογογράφησης | Ελληνικά, Μοντέρνα (1453-) |
| Modifying agency | MC Athens Campus Library |
| Κανόνες περιγραφικής καταλογογράφησης | AACR2 |
| 245 1# - ΤΙΤΛΟΣ ΚΑΙ ΔΗΛΩΣΗ ΥΠΕΥΘΥΝΟΤΗΤΑΣ | |
| Τίτλος | Consuming Places |
| 250 ## - EDITION STATEMENT | |
| Edition statement | 1st |
| 260 ## - PUBLICATION, DISTRIBUTION, ETC. | |
| Name of publisher, distributor, etc. | Rouledge, |
| Date of publication, distribution, etc. | 1995 |
| 300 ## - PHYSICAL DESCRIPTION | |
| Extent | 264 |
| 520 ## - SUMMARY, ETC. | |
| Summary, etc. | A creative tour of recent trends in British social science, from the earlier debates on localities and restructuring to the new sociology of nature and culture. List of Tables, Preface, Time and Space in the Consumption of Place, Society and Space, Sociology as a Parasite: Some Vices and Virtues, The New Marxism of Collective Action: A Critical Analysis, Society and Space and Locality, Restructuring and Services, Restructuring the Rural, Capitalist Production and Scientific Management and the Service Class, Is Britain the First ''Post-Industrial Society''?, Consumption and Place and Identity, The Consumption of Tourism, Tourism and Travel and the Modern Subject, Reinterpreting Local Culture, Tourism and Europe and Identity, Consuming Nature, The Tourist Gaze and the Environment, The Making of the Lake District, Social Identity and Leisure and the Countryside, Bibliography, Index. |
| 700 1# - ΠΡΟΣΘΕΤΗ ΑΝΑΓΡΑΦΗ--ΦΥΣΙΚΟ ΠΡΟΣΩΠΟ | |
| Personal name | Urry John |
| 9 (RLIN) | 645 |
| 942 ## - ADDED ENTRY ELEMENTS (KOHA) | |
| Koha item type | Books |
| Τύπος τεκμηρίου | Βιβλιοθήκη | Τρέχουσα τοποθεσία | Barcode | Αριθμός εισαγωγής | Ημερομηνία απόκτησης | Ταξιθετικό σύμβολο | Αριθμός αντιτύπου | Κατάσταση απόσυρσης | Κατάσταση χαμένου | Κατάσταση κατεστραμμένου | Μη δανεισμός | Σύνολο δανεισμών | Ημερομηνία τελευταίας εμφάνισης | Η τιμή ισχύει από |
|---|---|---|---|---|---|---|---|---|---|---|---|---|---|---|
| Books | MC Athens Campus Library | MC Athens Campus Library | 9780000004772 | 5699 | 05/06/2025 | 306.3 URR | 1 | 05/06/2025 | 05/06/2025 |